000 00740nam a2200229Ii 4500
003 JO-AjNU
008 230605s9999||||xx |||||||||||||| ||und||
017 _a2006/12/3301
020 _a9957-454-26-9
040 _aJO-AjNU
_bara
_erda
_cJO-AjNU
041 _aara
050 1 4 _aBF441.H8784.2007
100 3 _aحسين،ثائر,
_eauthor
_921844
245 0 0 _aالشامل في مهارات التفكير
250 _aط1
264 3 1 _aعمان:ديبونو للطباعة والنشر والتوزيع ،2007
300 _a233ص
336 _atext
_btxt
_2rdacontent
337 _aunmediated
_bn
_2rdamedia
338 _avolume
_bnc
_2rdacarrier
650 4 _aالتفكير-علم النفس-العمليات العقلية
_921845
999 _aA7658
_c11226
_d11226